000 01246nam a2200325Ia 4500
001 ebr10348598
003 CaPaEBR
006 m u
007 cr cn|||||||||
008 960827s1996 enk sb 001 0 eng d
010 _z 96069871
020 _z0761952861
020 _z076195287X (pbk.)
020 _z9780761952862
040 _aCaPaEBR
_cCaPaEBR
035 _a(OCoLC)606437196
050 1 4 _aJN12
_b.L33 1996eb
100 1 _aLane, Jan-Erik.
245 1 0 _aEuropean politics
_h[electronic resource] :
_ban introduction /
_cJan-Erik Lane and Svante O. Ersson.
260 _aLondon ;
_aThousand Oaks, Calif. :
_bSAGE Publications,
_c1996.
300 _axii, 238 p.
504 _aIncludes bibliographical references and index.
533 _aElectronic reproduction.
_bPalo Alto, Calif. :
_cebrary,
_d2010.
_nAvailable via World Wide Web.
_nAccess may be limited to ebrary affiliated libraries.
650 0 _aComparative government.
651 0 _aEurope
_xPolitics and government
_y1989-
655 7 _aElectronic books.
_2local
700 1 _aErsson, Svante O.
710 2 _aebrary, Inc.
856 4 0 _uhttp://site.ebrary.com/lib/rucke/Doc?id=10348598
_zAn electronic book accessible through the World Wide Web; click to view
999 _c29420
_d29420